[Event "Rottach Egern Seniors Cup 12th"]
[Site "Rottach Egern"]
[Date "2024.04.09"]
[Round "4"]
[White "Derlich, Manfred"]
[Black "Loibl, Johann"]
[Result "1-0"]
[WhiteElo "1954"]
[BlackElo "1841"]
[PlyCount "65"]
[EventDate "2024.04.06"]
[EventType "swiss"]
[EventRounds "9"]
[EventCountry "GER"]
[SourceTitle "CB16_2024"]
[SourceDate "2024.04.17"]
[SourceVersion "1"]
[SourceVersionDate "2024.04.17"]
[SourceQuality "1"]

1. e4 e5 2. Nf3 Nc6 3. Bb5 Bc5 4. 0-0 Nd4 5. Nxd4 exd4 6. d3 Ne7 7. Bc4 d6 8. Bg5 0-0 9. Nd2 h6 10. Bh4 Be6 11. Bxe6 fxe6 12. Qg4 Qd7 13. f4 d5 14. Bxe7 Bxe7 15. exd5 Qxd5 16. Nc4 Qf5 17. Qf3 c6 18. Rae1 g5 19. Re5 Qg6 20. Qe2 Rf6 21. f5 Qf7 22. Rxe6 Bf8 23. Qe5 Bg7 24. Qe4 Rf8 25. g4 h5 26. h3 hxg4 27. hxg4 Qc7 28. Kg2 Rh6 29. Rxh6 Bxh6 30. Qe6+ Rf7 31. Qxh6 Rh7 32. Qe6+ Kh8 33. Qe5+ 1-0

[Event "Rottach Egern Seniors Cup 12th"]
[Site "Rottach Egern"]
[Date "2024.04.08"]
[Round "3"]
[White "Loibl, Johann"]
[Black "Wagner, Bernd1"]
[Result "1/2-1/2"]
[WhiteElo "1841"]
[BlackElo "1949"]
[PlyCount "54"]
[EventDate "2024.04.06"]
[EventType "swiss"]
[EventRounds "9"]
[EventCountry "GER"]
[SourceTitle "CB16_2024"]
[SourceDate "2024.04.17"]
[SourceVersion "1"]
[SourceVersionDate "2024.04.17"]
[SourceQuality "1"]

1. e4 c6 2. c4 d5 3. exd5 cxd5 4. cxd5 Nf6 5. Nc3 Nxd5 6. Bb5+ Nc6 7. Nf3 Qd6 8. 0-0 e6 9. Qe2 Bd7 10. Bc4 Nxc3 11. dxc3 Be7 12. Rd1 Qc7 13. Be3 Rd8 14. Rd2 0-0 15. Rad1 Bc8 16. Nd4 a6 17. Nxc6 Qxc6 18. Bd3 Bf6 19. Bc2 Rxd2 20. Rxd2 g6 21. Bh6 Re8 22. Be4 Qc7 23. Qf3 Qe5 24. Bf4 Qa5 25. a3 Be5 26. Bxe5 Qxe5 27. Re2 Qc7 1/2-1/2

[Event "Bodensee op"]
[Site "Bregenz"]
[Date "2022.05.27"]
[Round "7"]
[White "Mira, Helene"]
[Black "Loibl, Johann"]
[Result "1-0"]
[WhiteElo "2080"]
[BlackElo "1814"]
[PlyCount "63"]
[EventDate "2022.05.21"]
[EventType "swiss"]
[EventRounds "9"]
[EventCountry "AUT"]
[SourceTitle "CBM 208 Extra"]
[Source "ChessBase"]
[SourceDate "2022.07.31"]
[SourceVersion "1"]
[SourceVersionDate "2022.07.31"]
[SourceQuality "1"]

1. d4 Nf6 2. c4 e5 3. dxe5 Ng4 4. e4 h5 5. Be2 Nc6 6. Nc3 Bb4 7. Nf3 Bxc3+ 8. bxc3 Ngxe5 9. Nxe5 Nxe5 10. 0-0 d6 11. f4 Ng4 12. f5 Ne5 13. Bf4 Qe7 14. Qd5 Bd7 15. c5 Bc6 16. cxd6 cxd6 17. Qd4 a6 18. Rfe1 0-0-0 19. Qa7 Kc7 20. Rab1 Ra8 21. Qb6+ Kc8 22. Rb4 Nd7 23. Qd4 Ne5 24. Reb1 a5 25. Rb6 Nd7 26. Rxc6+ bxc6 27. Bxd6 Qf6 28. e5 Qxf5 29. Bd3 Qe6 30. Bc4 Qf5 31. Rf1 c5 32. Qd5 1-0

[Event "Rottach Egern Seniors Cup 10th"]
[Site "Rottach Egern"]
[Date "2022.04.03"]
[Round "9"]
[White "Zschunke, Werner"]
[Black "Loibl, Johann"]
[Result "1-0"]
[WhiteElo "1935"]
[BlackElo "1762"]
[PlyCount "69"]
[EventDate "2022.03.26"]
[EventType "swiss"]
[EventRounds "9"]
[EventCountry "GER"]
[SourceTitle "CBM 207 Extra"]
[Source "ChessBase"]
[SourceDate "2022.05.31"]
[SourceVersion "1"]
[SourceVersionDate "2022.05.31"]
[SourceQuality "1"]

1. c4 e5 2. g3 f5 3. Nc3 Nf6 4. Bg2 Bb4 5. e3 Bxc3 6. bxc3 d6 7. Ne2 c6 8. 0-0 Nbd7 9. d4 e4 10. Ba3 Nb6 11. c5 Nc4 12. Qa4 Nxa3 13. Qxa3 d5 14. Qb3 Qc7 15. Rab1 Rb8 16. c4 Be6 17. Nf4 Bf7 18. cxd5 Nxd5 19. Nxd5 Bxd5 20. Qa3 b6 21. cxb6 Rxb6 22. Rxb6 Qxb6 23. Qd6 Rf8 24. Qe5+ Kd7 25. a3 g6 26. g4 Re8 27. Qf4 fxg4 28. Qxg4+ Kc7 29. Qh4 Qb2 30. Qxh7+ Kb6 31. Qxg6 Rf8 32. Qd6 Rg8 33. Kh1 Qe2 34. Rb1+ Ka6 35. Bf1 1-0

[Event "Rottach Egern Seniors Cup 10th"]
[Site "Rottach Egern"]
[Date "2022.04.02"]
[Round "8"]
[White "Loibl, Johann"]
[Black "Streiter, Manfred"]
[Result "1-0"]
[WhiteElo "1762"]
[BlackElo "1872"]
[PlyCount "31"]
[EventDate "2022.03.26"]
[EventType "swiss"]
[EventRounds "9"]
[EventCountry "GER"]
[SourceTitle "CBM 207 Extra"]
[Source "ChessBase"]
[SourceDate "2022.05.31"]
[SourceVersion "1"]
[SourceVersionDate "2022.05.31"]
[SourceQuality "1"]

1. e4 e6 2. Qe2 Nc6 3. Nf3 Be7 4. d4 d5 5. e5 f5 6. g3 g5 7. Nxg5 Nxd4 8. Qh5+ Kd7 9. Kd1 Bxg5 10. Bxg5 Qe8 11. Qh4 Nf3 12. Qa4+ c6 13. Bf4 Qe7 14. h4 b5 15. Qa5 Bb7 16. Be2 1-0

[Event "Rottach Egern Seniors Cup 10th"]
[Site "Rottach Egern"]
[Date "2022.03.28"]
[Round "3"]
[White "Thonig, Manfred"]
[Black "Loibl, Johann"]
[Result "0-1"]
[WhiteElo "1544"]
[BlackElo "1762"]
[PlyCount "58"]
[EventDate "2022.03.26"]
[EventType "swiss"]
[EventRounds "9"]
[EventCountry "GER"]
[SourceTitle "CBM 207 Extra"]
[Source "ChessBase"]
[SourceDate "2022.05.31"]
[SourceVersion "1"]
[SourceVersionDate "2022.05.31"]
[SourceQuality "1"]

1. f4 e5 2. fxe5 d6 3. exd6 Bxd6 4. Nf3 g5 5. d4 g4 6. Ne5 Bxe5 7. dxe5 Qxd1+ 8. Kxd1 Nc6 9. Bf4 Be6 10. e3 0-0-0+ 11. Nd2 h6 12. b3 Nge7 13. Bd3 Ng6 14. Bxg6 fxg6 15. a3 g5 16. Bg3 h5 17. Ke2 h4 18. Bf2 Nxe5 19. Ne4 Bd5 20. Nxg5 Bxg2 21. Rhg1 Bc6 22. Ne6 Rd6 23. Nd4 Be4 24. Rad1 c5 25. Nb5 Bf3+ 26. Kf1 Rxd1+ 27. Be1 Rf8 28. Kf2 Bc6+ 29. Ke2 Rxe1+ 0-1

[Event "Rottach Egern Seniors Cup 9th"]
[Site "Rottach Egern"]
[Date "2021.10.26"]
[Round "5"]
[White "Brettschneider, Karl"]
[Black "Loibl, Johann"]
[Result "1-0"]
[WhiteElo "1976"]
[BlackElo "1764"]
[PlyCount "61"]
[EventDate "2021.10.22"]
[EventType "swiss"]
[EventRounds "7"]
[EventCountry "GER"]
[SourceTitle "CBM 204 Extra"]
[Source "ChessBase"]
[SourceDate "2021.11.30"]
[SourceVersion "1"]
[SourceVersionDate "2021.11.30"]
[SourceQuality "1"]

1. c4 e5 2. Nc3 f5 3. g3 Nf6 4. Bg2 Bc5 5. e3 Nc6 6. Nge2 a5 7. d4 exd4 8. exd4 Bb6 9. 0-0 0-0 10. b3 Ne7 11. d5 d6 12. Nf4 c6 13. Ba3 Bc7 14. dxc6 bxc6 15. Nb5 Ne8 16. Nd5 Ra6 17. Ndxc7 Nxc7 18. Nxc7 Qxc7 19. Bxd6 Qb7 20. Re1 Re8 21. Qe2 Kf7 22. Qh5+ Ng6 23. Rxe8 Kxe8 24. Qxh7 Qf7 25. Qh5 Be6 26. Re1 Kd7 27. Qd1 a4 28. Qd3 axb3 29. axb3 Qe8 30. Bc5+ Kc8 31. Qd6 1-0

[Event "Rottach Egern Seniors Cup 9th"]
[Site "Rottach Egern"]
[Date "2021.10.25"]
[Round "4"]
[White "Loibl, Johann"]
[Black "Oswald Meister, Heidi"]
[Result "1-0"]
[WhiteElo "1764"]
[BlackElo "1250"]
[PlyCount "77"]
[EventDate "2021.10.22"]
[EventType "swiss"]
[EventRounds "7"]
[EventCountry "GER"]
[SourceTitle "CBM 204 Extra"]
[Source "ChessBase"]
[SourceDate "2021.11.30"]
[SourceVersion "1"]
[SourceVersionDate "2021.11.30"]
[SourceQuality "1"]

1. e4 e5 2. Nf3 Nc6 3. Bc4 Nf6 4. Ng5 d5 5. exd5 Nd4 6. c3 b5 7. Bf1 Nxd5 8. Nxf7 Kxf7 9. cxd4 c6 10. dxe5 Bf5 11. d4 Nb4 12. Na3 Qd5 13. Qf3 Qxf3 14. gxf3 Be7 15. Be3 Rad8 16. Be2 Bd3 17. Kd2 Bxe2 18. Kxe2 Nd5 19. Nb1 Nxe3 20. fxe3 Rhe8 21. Nc3 a6 22. Rhd1 b4 23. Ne4 a5 24. Rac1 Rc8 25. Rc2 Rc7 26. d5 cxd5 27. Rxc7 dxe4 28. f4 Kf8 29. Rdd7 g6 30. Ra7 h6 31. Rxa5 g5 32. Ra6 gxf4 33. exf4 Rc8 34. Rxh6 Rc2+ 35. Rd2 Rxd2+ 36. Kxd2 Bc5 37. Rc6 Bg1 38. h4 e3+ 39. Ke2 1-0

[Event "Altenkirchen Seniors op 18th"]
[Site "Altenkirchen"]
[Date "2021.07.06"]
[Round "5"]
[White "Loibl, Johann"]
[Black "Klein, Gernot"]
[Result "0-1"]
[WhiteElo "1667"]
[BlackElo "1890"]
[PlyCount "68"]
[EventDate "2021.07.02"]
[EventType "swiss"]
[EventRounds "9"]
[EventCountry "GER"]
[SourceTitle "CBM 203 Extra"]
[Source "ChessBase"]
[SourceDate "2021.09.30"]
[SourceVersion "1"]
[SourceVersionDate "2021.09.30"]
[SourceQuality "1"]

1. e4 c5 2. b4 cxb4 3. a3 d5 4. exd5 Qxd5 5. Nf3 e5 6. c4 Qd8 7. Be2 e4 8. Bb2 exf3 9. Bxf3 Nf6 10. 0-0 Be7 11. axb4 0-0 12. b5 Bc5 13. d4 Be7 14. Nd2 a5 15. c5 Nd5 16. Nc4 Be6 17. Bxd5 Bxd5 18. Nb6 Ra7 19. Qd2 a4 20. Nxa4 Bc4 21. Nb6 Rxa1 22. Rxa1 Bxb5 23. Ra8 Qc7 24. Nd5 Qd7 25. Nb6 Qf5 26. Ra1 Nd7 27. Qb4 Bc6 28. Nc4 Qe4 29. f3 Qg6 30. Kf2 Qh5 31. Ne3 Nf6 32. Re1 Nd5 33. Nxd5 Bxd5 34. Rxe7 Qh4+ 0-1

[Event "Prague op-B 19th"]
[Site "Prague"]
[Date "2020.01.10"]
[Round "1"]
[White "Loibl, Johann"]
[Black "Vacha, Martin"]
[Result "1-0"]
[WhiteElo "1817"]
[BlackElo "1467"]
[PlyCount "55"]
[EventDate "2020.01.10"]
[EventType "swiss"]
[EventRounds "9"]
[EventCountry "CZE"]
[SourceTitle "CBM 195 Extra"]
[Source "ChessBase"]
[SourceDate "2020.05.31"]
[SourceVersion "1"]
[SourceVersionDate "2020.05.31"]
[SourceQuality "1"]

1. e4 e5 2. Nf3 Nc6 3. Bc4 h6 4. 0-0 Nf6 5. c3 d6 6. d4 Bg4 7. Qb3 Qd7 8. dxe5 Bxf3 9. e6 fxe6 10. Bxe6 Qe7 11. Qxb7 Bxe4 12. Qxa8+ Nd8 13. Qxa7 Nxe6 14. Re1 d5 15. b4 Qf7 16. f3 Bf5 17. Qb8+ Kd7 18. Qb5+ Kd6 19. c4 c6 20. Qb8+ Kd7 21. Qb7+ Nc7 22. Nc3 Bd6 23. Na4 Be6 24. c5 Be7 25. Nb6+ Ke8 26. Qxc6+ Kd8 27. Qb7 Bf8 28. Qb8+ 1-0

[Event "Bodensee Seniors op"]
[Site "Bregenz"]
[Date "2019.05.28"]
[Round "3"]
[White "Mueller, Rudolf"]
[Black "Loibl, Johann"]
[Result "1-0"]
[WhiteElo "2071"]
[BlackElo "1713"]
[PlyCount "65"]
[EventDate "2019.05.26"]
[EventType "swiss"]
[EventRounds "7"]
[EventCountry "AUT"]
[SourceTitle "CBM 190 Extra"]
[Source "ChessBase"]
[SourceDate "2019.07.15"]
[SourceVersion "1"]
[SourceVersionDate "2019.07.15"]
[SourceQuality "1"]

1. e4 e5 2. Nf3 Nc6 3. d4 exd4 4. Bc4 Bc5 5. 0-0 d6 6. a3 Nf6 7. b4 Bb6 8. Bg5 h6 9. Bh4 Bg4 10. Bd5 g5 11. Bg3 Nxd5 12. exd5 Ne5 13. Re1 Qf6 14. a4 a5 15. Qd3 Bxf3 16. Bxe5 dxe5 17. Qb5+ Kf8 18. gxf3 Qd6 19. bxa5 Rxa5 20. Qd3 Rxd5 21. Nd2 Ba5 22. Nc4 Qe6 23. Re4 f5 24. Re2 Bc3 25. Rb1 Rc5 26. Na3 b6 27. Rb5 Kg7 28. Rxc5 bxc5 29. Nc4 Rf8 30. Rxe5 Qf7 31. Rxc5 f4 32. Ne5 Qe6 33. Rxc7+ 1-0

[Event "Prague op-B 18th"]
[Site "Prague"]
[Date "2019.01.16"]
[Round "7"]
[White "Ochman, Tomas"]
[Black "Loibl, Johann"]
[Result "0-1"]
[WhiteElo "1853"]
[BlackElo "1712"]
[PlyCount "33"]
[EventDate "2019.01.11"]
[EventType "swiss"]
[EventRounds "9"]
[EventCountry "CZE"]
[SourceTitle "CBM 188 Extra"]
[Source "ChessBase"]
[SourceDate "2019.02.26"]
[SourceVersion "1"]
[SourceVersionDate "2019.02.26"]
[SourceQuality "1"]

1. Nf3 Nc6 2. c4 e5 3. Nc3 Nf6 4. e4 Bc5 5. a3 d6 6. d3 Ng4 7. Bg5 Bxf2+ 8. Kd2 f6 9. Bh4 Bxh4 10. Nxh4 f5 11. Nxf5 Qg5+ 12. Ke1 Bxf5 13. exf5 Qxf5 14. Ne4 0-0 15. Qd2 Nd4 16. Rb1 Ne3 17. Ng3 0-1

[Event "Prague op-B 18th"]
[Site "Prague"]
[Date "2019.01.14"]
[Round "5"]
[White "Taisl, Lubomir"]
[Black "Loibl, Johann"]
[Result "0-1"]
[WhiteElo "1229"]
[BlackElo "1712"]
[PlyCount "47"]
[EventDate "2019.01.11"]
[EventType "swiss"]
[EventRounds "9"]
[EventCountry "CZE"]
[SourceTitle "CBM 188 Extra"]
[Source "ChessBase"]
[SourceDate "2019.02.26"]
[SourceVersion "1"]
[SourceVersionDate "2019.02.26"]
[SourceQuality "1"]

1. Nf3 Nc6 2. g3 d5 3. Bg2 e5 4. d3 Nf6 5. 0-0 Be7 6. Nbd2 Bg4 7. c4 Qd7 8. Re1 0-0 9. a3 Rad8 10. b4 e4 11. dxe4 dxe4 12. Ng5 Qd4 13. Rb1 e3 14. Rf1 exd2 15. Bb2 Qxc4 16. f3 Bc8 17. Rf2 h6 18. Ne4 Nxe4 19. fxe4 Bg4 20. Kh1 Nd4 21. Bf1 Be6 22. Bxd4 Qxd4 23. Rf3 Qxe4 24. Bg2 0-1

[Event "Brno op 8th"]
[Site "Brno"]
[Date "2018.11.17"]
[Round "9"]
[White "Loibl, Johann"]
[Black "Richterova, Julie"]
[Result "1-0"]
[WhiteElo "1813"]
[BlackElo "1761"]
[PlyCount "57"]
[EventDate "2018.11.10"]
[EventType "swiss"]
[EventRounds "9"]
[EventCountry "CZE"]
[SourceTitle "CBM 187 Extra"]
[Source "ChessBase"]
[SourceDate "2018.11.04"]
[SourceVersion "1"]
[SourceVersionDate "2018.11.04"]
[SourceQuality "1"]

1. e4 Nf6 2. e5 Nd5 3. d4 d6 4. c4 Nb6 5. f4 dxe5 6. fxe5 Nc6 7. Be3 Bf5 8. Nc3 e6 9. Nf3 Be7 10. Bd3 Bg4 11. 0-0 0-0 12. a3 Bh5 13. Qc2 Bg6 14. Bxg6 hxg6 15. Ne4 a5 16. Rad1 a4 17. d5 Na5 18. dxe6 Qe8 19. exf7+ Qxf7 20. Neg5 Qxc4 21. Qxg6 Bxg5 22. Nxg5 Qh4 23. Qe6+ Kh8 24. Nf7+ Kh7 25. Rf3 Rae8 26. Qf5+ Kg8 27. Bc5 Rd8 28. Rxd8 Rxd8 29. Nxd8 1-0